000 01226nam a2200217Ia 4500
003 Ost
005 20260416102401.0
008 260416s9999||||xx |||||||||||||| ||und||
040 _cfsecg
041 _aara
082 _a341.24
100 _aشطيبي، حنان
_eمؤلف
245 0 _aمحاضرات في نظرية المنظمات /
_c حنان شطيبي
260 _aالجزائر
_bجامعة الجزائر3: كلية العلوم الإقتصادية، العلوم التجارية وعلوم التسيير
_c2024
300 _a108 ورقة
_c12 سم
520 _aمقدمة في نظرية المنظمات، المظامين النظرية لمفهوم المنظمة في الفكر التنظيمي، هندسة وتصميم الهيكل التنظيمي، محددات الهيكل التنظيمي، المنظمة المتعلمة والمنظمة الذكية من الصور الحديثة للمنظمات
653 _aالفكر التنظيمي - المنظمات
653 _aنظرية المنظمات
710 _aجامعة الجزائر3: كلية العلوم الإقتصادية، العلوم التجارية وعلوم التسيير
_eناشر علمي
942 _cHANDOUT
999 _c41439
_d41439